|
|
|
|
| LEADER |
00000cas a22000004a 4500 |
| 001 |
vtls010646938 |
| 003 |
SK-MaSNL |
| 005 |
20260228161958.0 |
| 008 |
201211d18271830xr qr|p 001 b0cze c |
| 040 |
|
|
|a SNK
|b slo
|c SNK
|e AACR2
|
| 041 |
0 |
|
|a cze
|
| 044 |
|
|
|a xr
|c CZ
|
| 072 |
|
7 |
|a 82
|x Literatúra. Literárny život
|2 konspekt
|
| 072 |
|
7 |
|a 069
|x Múzeá. Muzeológia. Múzejníctvo. Výstavy
|2 konspekt
|
| 080 |
|
|
|a 069
|2 2011
|
| 080 |
|
|
|a (437.3)
|2 2011
|
| 080 |
|
|
|a 050
|2 SNKPH
|
| 080 |
|
|
|a 82
|2 2011
|
| 245 |
0 |
0 |
|a Časopis Společnosti wlastenského museum w Čechách
|
| 246 |
1 |
|
|i Súčasť zbierky:
|a Knižnica Martina Hamuliaka
|
| 260 |
|
|
|a W Praze
|b Nákladem Českého Museum
|c 1827-1830
|
| 260 |
2 |
|
|3 1829-1830
|a Praha
|b Knihkupectwí J. G. Calve
|
| 300 |
|
|
|a 4 zv.
|c 23 cm
|
| 310 |
|
|
|a 4x ročne
|
| 362 |
0 |
|
|a 1827-1830
|
| 500 |
|
|
|a Redaktor: 1830, František Palacký
|
| 500 |
|
|
|a Popis podľa: Čtwrtý ročnj běh, sw. 1 (1830)
|
| 650 |
0 |
7 |
|a múzeá
|2 SNKPH
|9 4119
|
| 650 |
0 |
7 |
|a literatúra
|2 SNKPH
|9 1427
|
| 651 |
|
7 |
|a Česko
|2 SNKPH
|9 16753
|
| 655 |
|
7 |
|a špecializované časopisy
|2 SNKPH
|9 70509
|
| 700 |
1 |
|
|a Palacký, František,
|d 1798-1876
|4 red
|9 107425
|
| 780 |
0 |
0 |
|t Časopis Českého museum
|x 0862-7282
|w vtls010647336
|
| 910 |
|
|
|a snk
|
| 910 |
|
|
|a snmk
|
| 958 |
|
|
|a ONDV
|
| 999 |
|
|
|c 6325
|d 8255
|
| 952 |
|
|
|0 0
|1 1
|4 0
|7 0
|a SNK
|b SNK
|d 1997-02-18
|l 0
|o snkČC 7/2/1828
|p 17A0039027
|r 2005-01-02 00:00:00
|t sv. 1-4
|w 2026-02-21
|y PREZ
|
| 952 |
|
|
|0 0
|1 1
|4 0
|7 0
|a SNK
|b SNK
|d 1997-02-18
|l 0
|o snkČC 7/3/1829
|p 17A0039020
|r 2005-01-02 00:00:00
|t P60, <06>, [BOOK], {606}
|w 2026-02-21
|y PREZ
|
| 952 |
|
|
|0 0
|1 1
|4 0
|7 0
|a SNK
|b SNK
|d 1997-06-23
|l 0
|o snkČC 7/1/1827
|p 17A0074617
|r 2005-01-02 00:00:00
|w 2026-02-21
|y PREZ
|
| 952 |
|
|
|0 0
|1 1
|4 0
|7 0
|a SNK
|b SNK
|d 2002-12-05
|l 0
|o snkČC 7/30/1856
|p 17A0366715
|r 2005-01-02 00:00:00
|t P60, <06>, [BOOK], {606}
|w 2026-02-21
|y PREZ
|
| 952 |
|
|
|0 0
|1 1
|4 0
|7 0
|a SNK
|b SNK
|d 2002-12-05
|i snk1170/31
|l 0
|o snkČC 7/31/1857
|p 17A0452853
|r 2005-01-02 00:00:00
|t P60, <06>, [ISSBD], {606}
|w 2026-02-21
|y PREZ
|
| 952 |
|
|
|0 0
|1 1
|4 0
|7 0
|a SNK
|b SNK
|d 2003-06-27
|i snk1230/31
|l 0
|o snkČC 7/93/1919
|p 17A0386265
|r 2005-01-02 00:00:00
|t P60, <06>, [ISSBD], {606}
|w 2026-02-21
|y PREZ
|
| 952 |
|
|
|0 0
|1 1
|4 0
|7 0
|a SNK
|b SNK
|d 2003-09-08
|l 0
|o snkČC 7/59/1885
|p 17A0397333
|r 2005-01-02 00:00:00
|t P60, <06>, [ISSBD], {606}
|w 2026-02-21
|y PREZ
|
| 952 |
|
|
|0 0
|1 1
|3 rekatalogizácia
|4 0
|7 0
|a SNK
|b SNK
|d 2007-01-02
|i snkČIP 1009/57
|l 0
|o snkČC 7/125/1956
|p 17A0532878
|r 2026-02-21 20:13:18
|t roč. 125
|w 2026-02-21
|y PREZ
|z roč. 125
|
| 952 |
|
|
|0 0
|1 1
|3 rekatalogizácia
|4 0
|7 0
|a SNK
|b SNK
|d 2007-01-04
|i snkČIP 1011/57
|l 0
|o snkČC 7/1956
|p 17A0532637
|r 2026-02-21 20:14:01
|w 2026-02-21
|y PREZ
|
| 952 |
|
|
|0 0
|1 1
|4 0
|7 0
|a SNK
|b SNK
|d 2014-01-22
|i snkČIP 83/82
|l 0
|o snkČC 7/80/B/1961
|p 17A1023101
|r 2026-02-21 20:31:36
|t Roč. 130
|w 2026-02-21
|y PREZ
|
| 952 |
|
|
|0 0
|1 1
|4 0
|7 0
|a SNK
|b SNK
|d 2012-07-19
|i snk555/32
|l 0
|o snkČC 7/99/1925
|p 17A1019584
|r 2026-02-21 20:40:43
|w 2026-02-21
|y PREZ
|
| 952 |
|
|
|0 0
|1 1
|4 0
|7 0
|a SNK
|b SNK
|d 2012-07-19
|i snk1790/32
|l 0
|o snkČC 7/97/1923
|p 17A1019583
|r 2026-02-21 20:40:43
|w 2026-02-21
|y PREZ
|
| 952 |
|
|
|0 0
|1 1
|4 0
|7 0
|a SNK
|b SNK
|d 2012-07-19
|i snk1206/31
|l 0
|o snkČC 7/67/1893
|p 17A1019582
|r 2026-02-21 20:40:43
|w 2026-02-21
|y PREZ
|
| 952 |
|
|
|0 0
|1 0
|4 0
|7 0
|8 5
|a SNK
|b SNK
|d 2015-01-15
|f 1
|i snk1143/44
|l 0
|o snkČC 7/4/1830
|p 17A1127071
|r 2026-02-21 20:51:43
|t Ham 447, sv. 1-4
|w 2026-02-21
|y PREZ
|